Najpopularniejsze imiona męskie nadawane dzieciom w 2018 r. - Statystyki

Ogólne statystyki
  • Ten quiz został rozwiązany 2 654 razy
  • Średni wynik to 14 z 30
Statystyki odpowiedzi
Odpowiedź Liczba dzieci % Poprawnych
Jakub 8908
81%
Piotr 3663
79%
Jan 8457
78%
Michał 4586
72%
Bartosz 2766
66%
Mateusz 2831
66%
Antoni 9329
63%
Adam 5168
61%
Kacper 5437
59%
Szymon 8234
56%
Aleksander 7324
54%
Filip 6407
54%
Dawid 2181
50%
Franciszek 7094
49%
Stanisław 4649
49%
Wojciech 5862
43%
Wiktor 3908
42%
Igor 3401
41%
Mikołaj 6008
40%
Nikodem 3575
34%
Leon 3885
31%
Marcel 4661
31%
Oliwier 2864
29%
Oskar 2514
29%
Miłosz 2931
26%
Ignacy 3345
25%
Maksymilian 2877
24%
Alan 2523
22%
Tymon 3217
18%
Tymoteusz 2833
16%
Nie znaleziono quizów pasujących do podanych kryteriów
Rozkład punktacji
Procent ludzi z każdym wynikiem
Percentyl według liczby udzielonych odpowiedzi
Twoja historia wyników
Nie rozwiązałeś tego quizu